LEADER 03599nam 2200637 a 450 001 9910461538403321 005 20200520144314.0 010 $a1-283-37360-2 010 $a9786613373601 010 $a0-520-95251-0 024 7 $a10.1525/9780520952515 035 $a(CKB)2670000000134004 035 $a(EBL)822703 035 $a(OCoLC)768732524 035 $a(SSID)ssj0000570773 035 $a(PQKBManifestationID)11392877 035 $a(PQKBTitleCode)TC0000570773 035 $a(PQKBWorkID)10610879 035 $a(PQKB)10737622 035 $a(MiAaPQ)EBC822703 035 $a(DE-B1597)520607 035 $a(OCoLC)1100907444 035 $a(DE-B1597)9780520952515 035 $a(Au-PeEL)EBL822703 035 $a(CaPaEBR)ebr10521965 035 $a(CaONFJC)MIL337360 035 $a(EXLCZ)992670000000134004 100 $a20110825d2012 uy 0 101 0 $aeng 135 $aur|n|---||||| 181 $ctxt 182 $cc 183 $acr 200 10$aHerbert Eugene Bolton$b[electronic resource] $ehistorian of the American borderlands /$fAlbert L. Hurtado 210 $aBerkeley $cUniversity of California Press$dc2012 215 $a1 online resource (408 p.) 300 $aDescription based upon print version of record. 311 $a0-520-27216-1 320 $aIncludes bibliographical references and index. 327 $tFrontmatter -- $tContents -- $tList Of Illustrations -- $tAcknowledgments -- $tA Note On Language -- $tIntroduction: The Border Lord -- $t1. The Scholars' Hard Road -- $t2. A Gathering At Lake Mendota -- $t3. Gone To Texas -- $t4. Many Roads To California -- $t5. In Stephens'S Grove -- $t6. Foundations Of Empire -- $t7. Teachers And Students -Worlds Apart -- $t8. Of Presidents And Politics -- $t9. Race, Place, And Heroes -- $t10. Exploration, Empire, And Patrimony -- $t11. The Grand Patriarch -- $t12. Bury My Heart At Corte Madera -- $t13. Western Revolt And Retirement -- $t14. Defending The Empire -- $t15. The Fading Pageant -- $t16. The Emperor Departs -- $tAfterword: The Debatable Legacy -- $tAbbreviations Used In The Notes -- $tNotes -- $tBibliography -- $tIndex 330 $aThis definitive biography offers a new critical assessment of the life, works, and ideas of Herbert E. Bolton (1870-1953), a leading historian of the American West, Mexico, and Latin America. Bolton, a famous pupil of Frederick Jackson Turner, formulated a concept-the borderlands-that is a foundation of historical studies today. His research took him not only to the archives and libraries of Mexico but out on the trails blazed by Spanish soldiers and missionaries during the colonial era. Bolton helped establish the reputation of the University of California and the Bancroft Library in the eyes of the world and was influential among historians during his lifetime, but interest in his ideas waned after his death. Now, more than a century after Bolton began to investigate the Mexican archives, Albert L. Hurtado explores his life against the backdrop of the cultural and political controversies of his day. 606 $aHistorians$zUnited States$vBiography 607 $aMexican-American Border Region$xHistoriography 607 $aUnited States$xTerritorial expansion$xHistoriography 608 $aElectronic books. 615 0$aHistorians 676 $a907.2092 676 $aB 700 $aHurtado$b Albert L.$f1946-$01018658 801 0$bMiAaPQ 801 1$bMiAaPQ 801 2$bMiAaPQ 906 $aBOOK 912 $a9910461538403321 996 $aHerbert Eugene Bolton$92452478 997 $aUNINA LEADER 03383nam 22006855 450 001 9910484612803321 005 20240322000953.0 010 $a9783030013493 010 $a3030013499 024 7 $a10.1007/978-3-030-01349-3 035 $a(CKB)4100000007204675 035 $a(MiAaPQ)EBC5614899 035 $a(DE-He213)978-3-030-01349-3 035 $a(Perlego)3491695 035 $a(EXLCZ)994100000007204675 100 $a20181212d2019 u| 0 101 0 $aeng 135 $aurcnu|||||||| 181 $ctxt$2rdacontent 182 $cc$2rdamedia 183 $acr$2rdacarrier 200 10$aAbolitionism and the Persistence of Slavery in Italian States, 1750-1850 /$fby Giulia Bonazza 205 $a1st ed. 2019. 210 1$aCham :$cSpringer International Publishing :$cImprint: Palgrave Macmillan,$d2019. 215 $a1 online resource (246 pages) 225 1 $aItalian and Italian American Studies,$x2635-294X 311 08$a9783030013486 311 08$a3030013480 327 $a1. Historiographical Perspectives -- 2. The Reverberations of the Abolitionist Debate in the Italian States -- 3. Forms of Slavery in the Pre-Unitarian Italian States (1750-1850) -- 4. The Memory of Slavery. 330 $aThis volume offers a pioneering study of slavery in the Italian states. Documenting previously unstudied cases of slavery in six Italian cities-Naples, Caserta, Rome, Palermo, Livorno and Genoa-Giulia Bonazza investigates why slavery survived into the middle of the nineteenth century, even as the abolitionist debate raged internationally and most states had abolished it. She contextualizes these cases of residual slavery from 1750-1850, focusing on two juridical and political watersheds: after the Napoleonic period, when the Italian states (with the exception of the Papal States) adopted constitutions outlawing slavery; and after the Congress of Vienna, when diplomatic relations between the Italian states, France and Great Britain intensified and slavery was condemned in terms that covered only the Atlantic slave trade. By excavating the lives of men and women who remained in slavery after abolition, this book sheds new light on the broader Mediterranean and transatlantic dimensions ofslavery in the Italian states. 410 0$aItalian and Italian American Studies,$x2635-294X 606 $aItaly$xHistory 606 $aAfrica$xHistory 606 $aWorld history 606 $aImperialism 606 $aLabor 606 $aHistory 606 $aHistory of Italy 606 $aAfrican History 606 $aWorld History, Global and Transnational History 606 $aImperialism and Colonialism 606 $aLabor History 615 0$aItaly$xHistory. 615 0$aAfrica$xHistory. 615 0$aWorld history. 615 0$aImperialism. 615 0$aLabor. 615 0$aHistory. 615 14$aHistory of Italy. 615 24$aAfrican History. 615 24$aWorld History, Global and Transnational History. 615 24$aImperialism and Colonialism. 615 24$aLabor History. 676 $a306.3620945 676 $a306.362094509033 700 $aBonazza$b Giulia$4aut$4http://id.loc.gov/vocabulary/relators/aut$01228739 906 $aBOOK 912 $a9910484612803321 996 $aAbolitionism and the Persistence of Slavery in Italian States, 1750-1850$94327500 997 $aUNINA